George Gershwin

Guardat en:
Dades bibliogràfiques
Autor principal: Ewen, David (Autor)
Format: Llibre
Idioma:espanyol
Publicat: Buenos Aires Estuario 1947
Matèries:
Etiquetes: Afegir etiqueta
Sense etiquetes, Sigues el primer a etiquetar aquest registre!

MARC

LEADER 00000nam a2200000 a 4500
001 UCN3019
003 CL-VaPUC
008 010615e19470000AG |||||||||||||||||spa|d
082 0 4 |a 780.92  |b EWE  |2 21 
100 0 |a Ewen, David  |e author  |9 459407 
245 1 0 |a George Gershwin 
300 |a 249 p 
942 |c BK 
945 |d 20010615 00:00:00  |a crobeson 
260 |a Buenos Aires  |b Estuario  |c 1947 
600 0 |a Gershwin, George  |9 306749 
650 7 |a COMPOSITORES ESTADOUNIDENSES  |2 CL-VaPUC  |9 459408 
650 0 |a Música, siglo 20  |9 324961 
583 |a last modification  |c 20010615 00:00:00  |k Rodrigo Vera 
999 |c 296034  |d 296032